Guess the Album Cover - Statistics

General Stats
  • This quiz has been taken 35 times
  • The average score is 7 of 16
Answer Stats
Picture Answer % Correct
Hotel California
85%
Never Mind
79%
The Dark Side of the Moon
79%
The Bends
68%
Abbey Road
62%
Ziggy Stardust
62%
Pet Sounds
59%
Rumors
47%
V
47%
Blood Sugar Sex Magic
26%
Voodoo
26%
Dangerous
21%
Dawn fm
21%
Nectar
9%
Baba O'Riley
0%
Have a Nice Day
0%
No matching quizzes found
Score Distribution
Percent of People with Each Score
Percentile by Number Answered
Your Score History
You have not taken this quiz